|
|
|
|
| LEADER |
01356nam a2200337 a 4500 |
| 001 |
c000373314 |
| 003 |
CARM |
| 005 |
20000802113701.0 |
| 008 |
711014s1971 enka c 000 0 eng |
| 010 |
|
|
|a 77198279 //r85
|
| 015 |
|
|
|a B71-16005
|
| 019 |
1 |
|
|a 222535
|z 6684990
|z 10628940
|5 LACONCORD2021
|
| 020 |
|
|
|a 0900085444
|
| 035 |
|
|
|a (OCoLC)197991
|5 LACONCORD2021
|
| 040 |
|
|
|a LC
|b eng
|c LC
|d ANL
|
| 050 |
|
4 |
|a N7153.B63
|b A8
|
| 100 |
1 |
|
|a Böcklin, Arnold,
|d 1827-1901.
|
| 245 |
1 |
0 |
|a Arnold Böcklin, 1827-1901 :
|b an exhibition organized by the Arts Council of Great Britain and the Pro Helvetia Foundation of Switzerland [held at the] Hayward Gallery, London, 20 May - 27 June 1971.
|
| 260 |
|
|
|a London :
|b Arts Council,
|c 1971.
|
| 300 |
|
|
|a 3-56 p. :
|b ill. (some col.) ;
|c 20 x 22 cm.
|
| 500 |
|
|
|a Introduction by Rolf Andree.
|
| 500 |
|
|
|a Exhibition catalogue.
|
| 504 |
|
|
|a Bibliography: p. 14-15.
|
| 600 |
1 |
0 |
|a Böcklin, Arnold,
|d 1827-1901
|x Exhibitions.
|
| 700 |
1 |
|
|a Andree, Rolf.
|
| 710 |
2 |
|
|a Arts Council of Great Britain.
|
| 710 |
2 |
|
|a Pro Helvetia (Foundation)
|
| 710 |
2 |
|
|a Hayward Gallery.
|
| 852 |
8 |
|
|b CARM
|h A1:AN38C0
|i F02744
|p 0423461
|f BK
|
| 999 |
f |
f |
|i 0a3993cb-59d4-513e-9ef6-5ad6f33368e7
|s 844ca371-3674-5add-81cb-ad76ce2601fc
|
| 952 |
f |
f |
|p Can circulate
|a CAVAL
|b CAVAL
|c CAVAL
|d CARM 1 Store
|e F02744
|f A1:AN38C0
|h Other scheme
|i book
|m 0423461
|